000 00380 a2200145 4500
005 20250627165138.0
020 _a0-273-65735-6
082 _a658.4'06CAR
100 _aCARNALL, C.
245 _aManaging Change in Organizations,
250 _a4th Ed.
260 _aNew York,
_bPrentice Hall,
_c2003.
300 _ax, 337p,: ill.; figure
_bIndex & Reference
_c23cm
942 _2ddc
_cBKS
999 _c5763
_d5763